000 02119nam a2200361 i 4500
003 DO-SdBNP
005 20260330104610.0
007 ta
008 220621e2018 dr ad||fr|||| 001 0 spa d
020 _a9789945015172
040 _aDO-SdBNP
_bspa
_cBNPHU
_erda
041 _aspa
082 4 _a304.87293
_bR426se 2017
_222
110 1 _aRepública Dominicana.
_bMinisterio de Economía, Planificación y Desarrollo
_966142
245 1 0 _aSegunda encuesta Nacional de inmigrantes en la República Dominicana, ENI-2017:
_bversión resumida del informe general /
_cprólogo, Sonia Vásquez; presentación, Alexandra Izquierdo
264 _aSanto Domingo, República Dominicana :
_bMEPyD, ONE, UNFPA,
_c2018
300 _a80 páginas :
_b ilustraciones cuadros, gráficas ;
_c27 cm.
336 _ardacontent
_btexto
_2txt
337 _ardamedia
_bsin mediación
_2n
338 _ardacarrier
_bvolumen
_2nc
505 0 _aPrólogo.
_tPresentación.
_t1. Objetivos y Metodología.--
_t2. Estimación de la población de origen extranjero inmigrantes y descendientes.--
_t3. Características sociodemográficas de la población inmigrantes de sus descendientes,--
_t4. Salud sexual y productiva.--
_t5. El proceso inmigratorio.--
_t6. Inmigración y mercado de trabajo.--
_t7. Remesas e inmigración.--
_t8. Políticas Públicas de Regularización: PNRE y Ley 169-14
_tListado de gráficos y cuadros.
590 _aInvetariado 2022 / MF
650 4 _aInmigrantes
_zRepública Dominicana
_vEstadísticas
_y2017
_982033
650 4 _aEncuestas demográficas
_zRepública Dominicana
_y2017
_982031
651 4 _980314
_aRepública Dominicana
_xEmigración e inmigración
_vEncuestas
_y2017
651 4 _aRepública Dominicana
_xPoblación
_vEstadísticas
_y2017
_982030
700 1 _922299
_aVásquez, Sonia,
_eprologuista
_4pr.
700 1 _931095
_aIzquierdo, Alexandra
_epresentador
_4pr.
710 1 _aRepública Dominicana.
_bMinisterio de Economía, Planificación y Desarrollo
_966142
710 1 _aRepública Dominicana.
_bOficina Nacional de Estadística
_95775
910 _aMFeliz/Validado. Control de calidad MFF
942 _2ddc
_cLBS1
999 _c52080
_d52080